000 00475nmm a2200157Ia 4500
008 251105s9999||||xx |||||||||||||||||und||
020 _a9789580610922
041 _aspa
100 _aMontoya, Miguel Ángel
245 0 _aAyer médico, hoy narco : El mexicano que quiso ser Pablo Escobar
264 _a[Bogotá, Colombia] :
_bOveja Negra,
_c2007
300 _a415 páginas
650 _aBiography
856 _uhttps://public.digitaliapublishing.com/a/30163
942 _cCF
999 _c94798
_d94798